Szczegóły MARC21

Bajda o Niemrawcu /

003 -Nazwa inst., której nr kontr. jest w polu 001 [,]
    • @
    • Nazwa instytucji, której n kontrolny jest w polu 001
    • NUKAT
005 -DATA I CZAS OSTATNIEJ MODYFIKACJI [,]
    • @
    • pole kontrolne
    • 20241231104111.0
040 -Instytucja sporządzająca opis [ , ]
    • a
    • Instytucja, która sporządziła opis (NP)
    • GD U/Jaga
    • c
    • Instytucja, która sporządziła rekord (NP)
    • GD U/Jaga
    • d
    • Instytucja, która zmodyfikowała rekord (P)
    • GD U/Jaga
    • d
    • Instytucja, która zmodyfikowała rekord (P)
    • GL 001/ML
    • d
    • Instytucja, która zmodyfikowała rekord (P)
    • GL 001/KCHs
    • d
    • Instytucja, która zmodyfikowała rekord (P)
    • POZN U/JŁs
942 -Rodzaj dokumentu [ , ]
    • c
    • Rodzaj dokumentu
    • Książka
100 -Hasło główne - nazwa osobowa [1, ]
    • a
    • Nazwa osobowa (NP)
    • Pawlikowski, Jan Gwalbert Henryk
    • d
    • Daty biograficzne (NP)
    • (1891-1962).
    • 9
    • KHW
    • 445841
245 -Strefa tytułu i oznaczenia odpowiedzialności [1,0]
    • a
    • Tytuł
    • Bajda o Niemrawcu / Find
    • c
    • Pozostałe elementy strefy tytułu i oznaczenia odpowiedzialności (NP)
    • Jan Gwalbert Henryk Pawlikowski ; [obwoluta i oprac. graf. Andrzej Darowski].
260 -Strefa adresu wydawniczego [ , ]
    • a
    • Miejsce wydania (P)
    • Kraków :
    • b
    • Nazwa wydawcy (P)
    • Wydaw. Literackie,
    • c
    • Data wydania (P)
    • 1968.
300 -Strefa opisu fizycznego [ , ]
    • a
    • Określenie formy książki i/lub objętość (NP)
    • 173, [3] s. :
    • b
    • Oznaczenie ilustracji (NP)
    • il. ;
    • c
    • Format (NP)
    • 20 cm.
336 -Typ zawartości [ , ]
    • a
    • Termin opisujący typ zawartości
    • Tekst
    • b
    • Kod określający zawartość
    • txt
    • 2
    • Źródło (terminu i kodu)
    • rdacontent
337 -Typ mediów [ , ]
    • a
    • Tryb odtwarzania
    • Bez urządzenia pośredniczącego
    • b
    • Kod typu mediów
    • n
    • 2
    • Źródło (terminu i kodu)
    • rdamedia
338 -Typ/rodzaj nośnika [ , ]
    • a
    • Hasło opisujące typ nośnika
    • Wolumin
    • b
    • Kod typu nośnika
    • nc
    • 2
    • Źródło (terminu i kodu)
    • rdacarrier
080 -Uniwersalna Klasyfikacja Dziesiętna [ , ]
    • a
    • Symbol klasyfikacji
    • 884-343.4
080 -Uniwersalna Klasyfikacja Dziesiętna [ , ]
    • a
    • Symbol klasyfikacji
    • +398.2
655 -Hasło w funkcji tematu formalnego [ ,7]
    • a
    • Hasło
    • Powieść fantastyczna polska
    • y
    • Określnik chronologiczny
    • 1900-1945.
    • 2
    • Źródło terminu
    • kaba
    • 9
    • KHW
    • 445914
655 -Hasło w funkcji tematu formalnego [ ,7]
    • a
    • Hasło
    • Literatura dialektalna polska
    • z
    • Określnik geograficzny
    • Polska
    • z
    • Określnik geograficzny
    • Podhale (region)
    • y
    • Określnik chronologiczny
    • 1900-1945.
    • 2
    • Źródło terminu
    • kaba
    • 9
    • KHW
    • 507009
655 -Hasło w funkcji tematu formalnego [ ,7]
    • a
    • Hasło
    • Bajki polskie
    • z
    • Określnik geograficzny
    • Polska
    • z
    • Określnik geograficzny
    • Podhale (region)
    • y
    • Określnik chronologiczny
    • 1900-1945.
    • 2
    • Źródło terminu
    • kaba
    • 9
    • KHW
    • 510237
980 -Symbol UKD [ , ]
    • a
    • UKD
    • 884-343.4+398.2
700 -Hasło dodatkowe - nazwa osobowa [1, ]
    • a
    • Nazwa osobowa (NP)
    • Darowski, Andrzej Find
    • d
    • Daty biograficzne (NP)
    • (1932-2016).
    • e
    • Określenie rodzaju współpracy
    • Il.
    • 9
    • KHW
    • 597872
710 -Hasło dodatkowe - nazwa ciała zbiorowego [2, ]
    • a
    • Nazwa ciała zbiorowego lub nazwa geograficzna jako pierwszy element (NP)
    • Wydawnictwo Literackie.
    • 4
    • Kod relacji
    • pbl
    • 9
    • KHW
    • 53605
Status udost. Numer inwentarzowy Data inwentaryzacji Lokalizacja
1JK.3162002-11-29BG